| 000 | 00574nam a22002177a 4500 | ||
|---|---|---|---|
| 003 | SISC | ||
| 005 | 20160308145710.0 | ||
| 008 | 130320t xxu||||| |||| 00| 0 eng d | ||
| 020 | _a0374111197 | ||
| 050 |
_aPE1583 _b.H43 2000 |
||
| 082 |
_aHS 829.3 _b.H35 2000 |
||
| 100 | _aHeaney, Seamus | ||
| 245 |
_aBeowulf: _ba new verse translation / _cSeamus Heaney. |
||
| 250 | _aBilingual ed. | ||
| 260 |
_aNew York : _bW.W Norton & Company, Inc., _cc2000. |
||
| 300 |
_axxx, 213 p. : _c21 cm. |
||
| 526 | _c920L-1120L | ||
| 562 | _e1 | ||
| 942 |
_2lcc _cBK |
||
| 999 |
_c2631 _d2631 |
||